UBT Library

THE PHYSICISTS A GENERATION THAT CHANGED THE WORLD (Record no. 27263)

000 -LEADER
fixed length control field 00316nam a22001337a 4500
008 - FIXED-LENGTH DATA ELEMENTS--GENERAL INFORMATION
fixed length control field 170912b xxu||||| |||| 00| 0 eng d
020 ## - INTERNATIONAL STANDARD BOOK NUMBER
International Standard Book Number 0316802212
041 ## - LANGUAGE CODE
Language code of text/sound track or separate title eng
080 ## - UNIVERSAL DECIMAL CLASSIFICATION NUMBER
Universal Decimal Classification number 53
100 ## - Rafti
Rafti 43
101 ## - Shkurtesa
Shkurtesa FIZ
245 ## - TITLE STATEMENT
Title THE PHYSICISTS A GENERATION THAT CHANGED THE WORLD
Statement of responsibility, etc SNOW,C.P
942 ## - ADDED ENTRY ELEMENTS (KOHA)
Source of classification or shelving scheme
Item type Books
Holdings
Withdrawn status Lost status Source of classification or shelving scheme Damaged status Not for loan Collection code Permanent location Current location Shelving location Date acquired Total Checkouts Full call number Barcode Date last seen Price effective from Koha item type
          Koleksioni i përgjithshem UBT - Lipjan UBT - Lipjan Koleksioni i përgjithshem 09/12/2017   53 SNO 002-2925319 09/12/2017 09/12/2017 Books
          Koleksioni i përgjithshem UBT - Lipjan UBT - Lipjan   09/13/2023   101LIT 002-800070310 09/13/2023 09/13/2023 Books
UBT Library © 2015-2024. All rights reserved University Education for Business and Technology